Normal view
MARC view
- Barton, William F
Entry Personal Name
001 - CONTROL NUMBER
- control field: 114013
003 - CONTROL NUMBER IDENTIFIER
- control field: NUST
005 - DATE AND TIME OF LATEST TRANSACTION
- control field: 20230807114034.0
008 - FIXED-LENGTH DATA ELEMENTS
- fixed length control field: 230807|| aca||aabn | a|a d
040 ## - CATALOGING SOURCE
- Original cataloging agency: NUST
- Transcribing agency: NUST
100 ## - HEADING--PERSONAL NAME
- Personal name: Barton, William F
670 ## - SOURCE DATA FOUND
- Source citation: Work cat.: (NUST)183693: Barton, David Knox, 114011, Modern radar system analysis software / , c1992.
